| 000 | 00362pab a2200145 454500 | ||
|---|---|---|---|
| 008 | 180718b1989 xxu||||| |||| 00| 0 eng d | ||
| 100 | _aSubrahmanyam, D. | ||
| 245 | _aStrategy towards the alleviation of urban poverty in India | ||
| 260 | _c1989 | ||
| 300 | _a9-12 | ||
| 362 | _aNov. | ||
| 650 | _aPoverty - India | ||
| 773 | _aCivic Affairs | ||
| 909 | _a16347 | ||
| 999 |
_c16347 _d16347 |
||